000 00411nam a2200169Ia 4500
008 230524s9999 xx 000 0 und d
020 _a8122417809
082 _a621.382
_bCHA
100 _aD.Chattopadhya
_96286
245 0 _aFoundations of Electronics
250 _a2ND
260 _aNEW DELHI
_bNew Age
_c2004
300 _aXV;456
500 _aQuantity Number: 5
650 _aElectronics
942 _cBK
999 _c12879
_d12879